000 00470nam a22001457a 4500
999 _c11813
_d11813
008 210112b ||||| |||| 00| 0 eng d
082 0 0 _a669.05
_bH6361
100 _9826
_aHiggins, Raymond A.
245 1 0 _aEngineering metallurgy: metallurgical process technology, Part -1 - Applied physical metallurgy
_cBy Raymond A. Higgins
260 _aLondon
_bEnglish Universities Press
_c1957
300 _axii,467 p.
365 _d22.50
650 0 _aMetallurgy
942 _cBK